000 00872naa a2200241 4500
005 20090925162922.0
008 080911t xxu||||| |||| 00| 0 eng d
010 _aENG-95056
020 _c250.00
_a9788178795096
035 _aEN-78589
037 _bDBAD / PUB
040 _adpl
_bEnglish
082 _a796.069
100 _aManilal, K.P.
245 _aPlanning in sports /
_cby K.P. Manilal
260 _aNew Delhi
_bSports Publication
_c2008
270 _a7/26, Ground Floor, Ansari Road, Daryaganj,
_bNew Delhi
_e110002
300 _a214p.
_c23cm(pbk)
500 _aIncludes references
650 _aSports
_xPlanning
942 _adpl
_cEN
_2ddc
_mMAN
_h796.069
999 _c30690
_d30690